书目信息 |
| 题名: |
TensorFlow机器学习
|
|
| 作者: | 全华 , 阿齐姆 , 艾哈迈德 , 艾哈迈德 著 ;李晗 译 | |
| 分册: | ||
| 出版信息: | 北京 人民邮电出版社 2021.05 |
|
| 页数: | 234页 | |
| 开本: | 24cm | |
| 丛书名: | ||
| 单 册: | ||
| 中图分类: | TP18 | |
| 科图分类: | ||
| 主题词: | 人工智能--ren gong zhi neng--算法 | |
| 电子资源: | ||
| ISBN: | 978-7-115-53125-4 | |
| 000 | 01452nam0 2200325 450 | |
| 001 | CAL 0120217177722 | |
| 005 | 20210524162929.5 | |
| 010 | @a978-7-115-53125-4@dCNY79.90 | |
| 100 | @a20210521d2021 em y0chiy0120 ea | |
| 101 | 1 | @achi@cvie |
| 102 | @aCN@b110000 | |
| 105 | @aa z 000yy | |
| 106 | @ar | |
| 200 | 1 | @aTensorFlow机器学习@ATensorFlow ji qi xue xi@f(越) 全华 ... [等] 著@d= Machine learning with TensorFlow@fQuan Hua@g李晗译@zeng |
| 210 | @a北京@c人民邮电出版社@d2021.05 | |
| 215 | @a234页@c图@d24cm | |
| 300 | @a异步图书 | |
| 304 | @a题名页题其余责任者: (巴基) 沙姆斯·乌尔·阿齐姆, (美) 西福·艾哈迈德, 西福·艾哈迈德 | |
| 306 | @a由英国Packt Publishing公司授权出版 | |
| 330 | @a本书主要介绍如何通过TensorFlow来构建真实世界的机器学习系统, 旨在让读者学以致用, 能尽快地上手项目。全书的特色是通过实例来向读者介绍TensorFlow的经典知识。共有12章, 包含手写识别器、猫狗分类器、翻译器、文本含义查找、金融中的机器学习、医疗应用等多个实例, 完整地向读者展示了实现机器学习应用的全流程。 | |
| 510 | 1 | @aMachine learning with TensorFlow@zeng |
| 606 | 0 | @a人工智能@Aren gong zhi neng@x算法 |
| 690 | @aTP18@v5 | |
| 701 | 1 | @a全华@Aquan hua@g(Hua, Quan)@4著 |
| 701 | 1 | @a阿齐姆@Aa qi mu@g(UlAzeem, Shams)@4著 |
| 701 | 1 | @a艾哈迈德@Aai ha mai de@g(Ahmed, Saif)@4著 |
| 701 | 1 | @a艾哈迈德@Aai ha mai de@g(Ahmed, Saif)@4著 |
| 702 | 0 | @a李晗@Ali han@4译 |
| 801 | 0 | @aCN@b人天书店@c20210521 |
| 905 | @aTSG@b0002079@dTP18@eQ940@f2 | |
| TensorFlow机器学习/(越) 全华 ... [等] 著= Machine learning with TensorFlow/Quan Hua/李晗译.-北京:人民邮电出版社,2021.05 |
| 234页:图;24cm |
| 异步图书 |
| ISBN 978-7-115-53125-4:CNY79.90 |
| 本书主要介绍如何通过TensorFlow来构建真实世界的机器学习系统, 旨在让读者学以致用, 能尽快地上手项目。全书的特色是通过实例来向读者介绍TensorFlow的经典知识。共有12章, 包含手写识别器、猫狗分类器、翻译器、文本含义查找、金融中的机器学习、医疗应用等多个实例, 完整地向读者展示了实现机器学习应用的全流程。 |
| ● |
| 相关链接 |
|
|
|
正题名:TensorFlow机器学习
索取号:TP18/Q940
 
预约/预借
| 序号 | 登录号 | 条形码 | 馆藏地/架位号 | 状态 | 备注 |
| 1 | 1539155 | 215391555 | 自科库301/301自科库 102排3列1层/ [索取号:TP18/Q940] | 在馆 | |
| 2 | 1539156 | 215391564 | 自科库301/301自科库 102排3列1层/ [索取号:TP18/Q940] | 在馆 |